|
|
|
|
| LEADER |
00000cam a2200000 7i4500 |
| 001 |
0000025199 |
| 005 |
20140305.0 |
| 008 |
050314 my # eng |
| 020 |
|
|
|a 9789678924153 ,
|c RM32.50
|
| 040 |
|
|
|a INS
|
| 090 |
0 |
0 |
|a KPG2552 A311965
|b A4 2013
|
| 110 |
1 |
|
|a Malaysia
|
| 245 |
0 |
0 |
|a National Land Code (Act 56 of 1965) & regulations (As at 10th september 2013)
|c compiled by Legal research Board
|
| 260 |
|
|
|a Petaling jaya :
|b International Law Book Services ,
|c 2013
|
| 300 |
|
|
|a i, 567p. ;
|c 24cm.
|
| 650 |
0 |
0 |
|a Public land sales
|z Malaysia
|
| 650 |
0 |
0 |
|a Public land
|z Malaysia
|
| 710 |
1 |
|
|a Legal Research Board .
|b International Law Book Services
|
| 999 |
|
|
|a 1000001451
|b BOOK
|c Open Shelf
|e Default branch
|